[Event "ROM-ch U10"]
[White "Ciomaga, Andrei"]
[Black "Anghel, Teodor Andrei"]
[Site "Calimanesti Caciulata"]
[Round "8"]
[Result "1/2-1/2"]
[Date "2019.04.21"]
[WhiteElo "1225"]
[BlackElo "1373"]
[PlyCount "76"]
[EventDate "2019.04.15"]
[EventType "swiss"]
[EventRounds "9"]
[EventCountry "ROU"]
[SourceTitle "CBM 190 Extra"]
[Source "ChessBase"]
[SourceDate "2019.07.15"]
[SourceVersion "1"]
[SourceVersionDate "2019.07.15"]
[SourceQuality "1"]

1. d4 Nf6 2. c4 e6 3. Nc3 Bb4 4. e3 0-0 5. Bd3 c5 6. Nf3 Bxc3+ 7. bxc3 d6 8. 0-0 Nc6 9. Ba3 b6 10. Rb1 Re8 11. Qc2 e5 12. dxe5 Nxe5 13. Nxe5 dxe5 14. Rfd1 Qc7 15. Be2 Bb7 16. Qb3 Red8 17. f3 e4 18. f4 Rd6 19. Rxd6 Qxd6 20. Rd1 Qc7 21. Kf2 Bc6 22. Bc1 Rd8 23. Bd2 h6 24. Kg1 Rd6 25. Be1 Qd7 26. Bh4 Rxd1+ 27. Qxd1 Qxd1+ 28. Bxd1 Kf8 29. Bxf6 gxf6 30. Kf2 f5 31. h3 Kg7 32. g4 Bd7 33. gxf5 Bxf5 34. Bg4 Kf6 35. Kg3 Kg6 36. Kh4 Be6 37. Bxe6 fxe6 38. Kg4 h5+ 1/2-1/2

[Event "ROM-ch U10"]
[White "Olteanu, Gabriel Luca"]
[Black "Anghel, Teodor Andrei"]
[Site "Calimanesti Caciulata"]
[Round "7"]
[Result "0-1"]
[Date "2019.04.20"]
[WhiteElo "1197"]
[BlackElo "1373"]
[PlyCount "31"]
[EventDate "2019.04.15"]
[EventType "swiss"]
[EventRounds "9"]
[EventCountry "ROU"]
[SourceTitle "CBM 190 Extra"]
[Source "ChessBase"]
[SourceDate "2019.07.15"]
[SourceVersion "1"]
[SourceVersionDate "2019.07.15"]
[SourceQuality "1"]

1. d4 Nf6 2. c4 g6 3. Nc3 Bg7 4. Bg5 d6 5. e3 0-0 6. Bd3 c5 7. Qc2 h6 8. Bh4 Nc6 9. Nf3 Re8 10. h3 cxd4 11. exd4 e5 12. dxe5 Nxe5 13. 0-0 Nxf3+ 14. gxf3 Bxh3 15. Rfd1 Rc8 16. Bg3 0-1

[Event "ROM-ch U10"]
[White "Anghel, Teodor Andrei"]
[Black "Cioc, Alexandru Marian"]
[Site "Calimanesti Caciulata"]
[Round "6"]
[Result "1-0"]
[Date "2019.04.19"]
[WhiteElo "1373"]
[BlackElo "1126"]
[PlyCount "73"]
[EventDate "2019.04.15"]
[EventType "swiss"]
[EventRounds "9"]
[EventCountry "ROU"]
[SourceTitle "CBM 190 Extra"]
[Source "ChessBase"]
[SourceDate "2019.07.15"]
[SourceVersion "1"]
[SourceVersionDate "2019.07.15"]
[SourceQuality "1"]

1. e4 c5 2. Nf3 d6 3. d4 cxd4 4. Nxd4 Nf6 5. Nc3 a6 6. Be3 e5 7. Nb3 Be7 8. Be2 Be6 9. Qd2 0-0 10. 0-0-0 b5 11. f3 Nbd7 12. g4 b4 13. Nd5 Bxd5 14. exd5 a5 15. Kb1 Qc7 16. h4 Rfc8 17. h5 a4 18. Na1 a3 19. b3 Qc3 20. Qxc3 Rxc3 21. Bd2 Rc5 22. Bxb4 Rxd5 23. c4 Rxd1+ 24. Rxd1 Nc5 25. Nc2 Rb8 26. Bxc5 dxc5 27. Nxa3 Rd8 28. Rxd8+ Bxd8 29. Nb5 e4 30. Nd6 exf3 31. Bxf3 Ba5 32. a4 Nd7 33. Bd5 Ne5 34. g5 Kf8 35. Nb7 Bb4 36. a5 Bd2 37. a6 1-0

[Event "ROM-ch U10"]
[White "Anghel, Teodor Andrei"]
[Black "Stanescu, David Stefan"]
[Site "Calimanesti Caciulata"]
[Round "5"]
[Result "1-0"]
[Date "2019.04.18"]
[WhiteElo "1373"]
[BlackElo "1104"]
[PlyCount "42"]
[EventDate "2019.04.15"]
[EventType "swiss"]
[EventRounds "9"]
[EventCountry "ROU"]
[SourceTitle "CBM 190 Extra"]
[Source "ChessBase"]
[SourceDate "2019.07.15"]
[SourceVersion "1"]
[SourceVersionDate "2019.07.15"]
[SourceQuality "1"]

1. e4 c5 2. Nf3 d6 3. d4 cxd4 4. Nxd4 Nf6 5. Nc3 a6 6. f3 e5 7. Nb3 h6 8. Be3 Be6 9. Qd2 Be7 10. 0-0-0 0-0 11. Be2 b5 12. g4 Nfd7 13. Rdg1 f6 14. h4 Bxb3 15. axb3 Nc5 16. Qd5+ Kh8 17. Qxa8 Qa5 18. Qd5 Qb4 19. Rd1 Qa5 20. Kb1 b4 21. Na4 Rc8 1-0

[Event "ROM-ch U10"]
[White "Anghel, Teodor Andrei"]
[Black "Ratcu, Chris"]
[Site "Calimanesti"]
[Round "1"]
[Result "1-0"]
[Date "2018.03.27"]
[WhiteElo "1305"]
[BlackElo "1109"]
[PlyCount "25"]
[EventDate "2018.03.27"]
[EventType "swiss"]
[EventRounds "9"]
[EventCountry "ROU"]
[SourceTitle "CBM 183 Extra"]
[Source "ChessBase"]
[SourceDate "2018.04.19"]
[SourceVersion "1"]
[SourceVersionDate "2018.04.19"]
[SourceQuality "1"]

1. e4 e5 2. Nf3 Nc6 3. Bc4 Nd4 4. Nxe5 Qg5 5. Ng4 h5 6. Ne3 Nf6 7. d3 Qc5 8. c3 Nc6 9. b4 Qe7 10. Nf5 Qd8 11. Qb3 d6 12. Bxf7+ Kd7 13. Qe6# 1-0

[Event "EU Union-ch U08"]
[White "Anghel, Teodor Andrei"]
[Black "Grabs, Peter"]
[Site "Kouty nad Desnou"]
[Round "5"]
[Result "0-1"]
[Date "2017.08.23"]
[WhiteElo "1213"]
[BlackElo "1317"]
[PlyCount "90"]
[EventDate "2017.08.19"]
[EventType "swiss"]
[EventRounds "9"]
[EventCountry "CZE"]
[SourceTitle "CBM 180 Extra"]
[Source "ChessBase"]
[SourceDate "2017.10.06"]
[SourceVersion "1"]
[SourceVersionDate "2017.10.06"]
[SourceQuality "1"]

1. e4 e5 2. Nf3 Nc6 3. Nc3 Nf6 4. d4 Bb4 5. Bc4 exd4 6. Nxd4 0-0 7. Bg5 h6 8. Nxc6 bxc6 9. Bh4 Re8 10. Bd3 d5 11. f3 Nxe4 12. Bxd8 Nxc3+ 13. Kf1 Nxd1 14. Rxd1 Rxd8 15. c3 Bd6 16. b4 a5 17. b5 cxb5 18. g3 c6 19. Kg2 Re8 20. Rhf1 Ba6 21. Rc1 c5 22. Bb1 b4 23. Rfd1 Bb7 24. c4 d4 25. a4 Re3 26. Rd3 Rae8 27. Bc2 Rxd3 28. Bxd3 Re3 29. Bb1 Rxf3 30. Kg1 Re3 31. Rd1 Be4 32. Bxe4 Rxe4 33. Kf2 Re3 34. Rd2 Kf8 35. Rc2 Ke7 36. Rb2 Kf6 37. Rb1 Ke5 38. Rb2 Ke4 39. Rd2 Rf3+ 40. Ke2 d3+ 41. Ke1 Be5 42. Ra2 Bc3+ 43. Rd2 Ke3 44. g4 Bxd2+ 45. Kd1 Rf1# 0-1

[Event "EU Union-ch U08"]
[White "Anghel, Teodor Andrei"]
[Black "Pasti, Zsombor"]
[Site "Kouty nad Desnou"]
[Round "3"]
[Result "1/2-1/2"]
[Date "2017.08.21"]
[WhiteElo "1213"]
[BlackElo "1243"]
[PlyCount "79"]
[EventDate "2017.08.19"]
[EventType "swiss"]
[EventRounds "9"]
[EventCountry "CZE"]
[SourceTitle "CBM 180 Extra"]
[Source "ChessBase"]
[SourceDate "2017.10.06"]
[SourceVersion "1"]
[SourceVersionDate "2017.10.06"]
[SourceQuality "1"]

1. e4 e5 2. Nf3 Nc6 3. Nc3 Nf6 4. d4 d5 5. dxe5 dxe4 6. Qxd8+ Nxd8 7. exf6 exf3 8. fxg7 Bxg7 9. Bd2 Nc6 10. 0-0-0 Bg4 11. Re1+ Be6 12. Bc4 0-0-0 13. Bxe6+ fxe6 14. Rxe6 fxg2 15. Rg1 Nd4 16. Re4 Nf3 17. Rxg2 Nxd2 18. Rxg7 Nxe4 19. Nxe4 Rhe8 20. f3 Re5 21. Rxh7 Red5 22. b3 Rf5 23. Rh3 Rdf8 24. Nd2 a5 25. Rh4 Rf4 26. Rh3 a4 27. Kd1 axb3 28. axb3 Rd8 29. Ke2 Rfd4 30. Ne4 c5 31. Rh5 c4 32. c3 R4d7 33. bxc4 Rc7 34. c5 Re8 35. Kf2 Rf8 36. h3 Re7 37. Ke3 Kd7 38. Rd5+ Ke8 39. c4 Rh8 40. Kf2 1/2-1/2

[Event "ROM-ch U08"]
[White "Butolo, Alexandru Mircea"]
[Black "Anghel, Teodor Andrei"]
[Site "Baile Felix"]
[Round "6"]
[Result "1/2-1/2"]
[Date "2017.02.06"]
[WhiteElo "1135"]
[BlackElo "1244"]
[PlyCount "42"]
[EventDate "2017.02.02"]
[EventType "swiss"]
[EventRounds "9"]
[EventCountry "ROU"]
[SourceTitle "CBM 176 Extra"]
[Source "ChessBase"]
[SourceDate "2017.03.02"]
[SourceVersion "1"]
[SourceVersionDate "2017.03.02"]
[SourceQuality "1"]

1. d4 d5 2. Nf3 Nf6 3. e3 Bf5 4. Bd3 Bxd3 5. Qxd3 c6 6. c4 e6 7. c5 Be7 8. Nbd2 Nbd7 9. 0-0 b6 10. cxb6 axb6 11. Re1 c5 12. b3 cxd4 13. exd4 0-0 14. Bb2 Re8 15. Qe3 Bd6 16. h3 Nf8 17. Rec1 Ng6 18. Rc6 Rc8 19. Rac1 Bf4 20. Qe2 Ne4 21. Rxc8 Qxc8 1/2-1/2

[Event "ROM-ch U08"]
[White "Bilcu, Marco Octavian"]
[Black "Anghel, Teodor Andrei"]
[Site "Calimanesti Caciulata"]
[Round "9"]
[Result "1-0"]
[Date "2016.04.25"]
[WhiteElo "1096"]
[BlackElo "1219"]
[PlyCount "112"]
[EventDate "2016.04.18"]
[EventType "swiss"]
[EventRounds "9"]
[EventCountry "ROU"]
[SourceTitle "EXT 2017"]
[Source "ChessBase"]
[SourceDate "2016.10.25"]
[SourceVersion "1"]
[SourceVersionDate "2016.10.25"]
[SourceQuality "1"]

1. d4 d5 2. c4 e6 3. Nc3 Nf6 4. Bg5 Be7 5. Nf3 0-0 6. e3 b6 7. cxd5 exd5 8. Be2 Bb7 9. 0-0 Nbd7 10. Re1 Re8 11. Bd3 c5 12. Bc2 c4 13. b3 Bb4 14. Qd2 Rc8 15. a3 cxb3 16. axb4 bxc2 17. Rac1 h6 18. Bh4 Qe7 19. Nb5 a6 20. Na3 a5 21. Nxc2 Qd6 22. bxa5 bxa5 23. Qxa5 Ra8 24. Qb4 Qxb4 25. Nxb4 Ne4 26. Rc7 Bc8 27. Nxd5 Nf8 28. Ne7+ Kh8 29. Nxc8 Rexc8 30. Rxf7 Nd6 31. Re7 Nf5 32. Re4 Nxh4 33. Rxh4 Ng6 34. Rh5 Re8 35. d5 Ra5 36. e4 Nf4 37. Re5 Rea8 38. h3 Nd3 39. Rb1 Nxe5 40. Nxe5 Re8 41. Nf7+ Kg8 42. Nd6 Rf8 43. Nf5 Ra4 44. Re1 Raa8 45. Kh2 Kh7 46. f3 Rad8 47. Nh4 Rfe8 48. Rc1 g6 49. Rc7+ Kg8 50. Nxg6 Rc8 51. Ne7+ Rxe7 52. Rxc8+ Kf7 53. d6 Ke6 54. dxe7 Kxe7 55. Rh8 Kf7 56. Rxh6 Kg7 1-0

[Event "ROM-ch U08"]
[White "Anghel, Teodor Andrei"]
[Black "Savin, Mihai"]
[Site "Calimanesti Caciulata"]
[Round "2"]
[Result "1-0"]
[Date "2016.04.19"]
[WhiteElo "1219"]
[BlackElo "1061"]
[PlyCount "35"]
[EventDate "2016.04.18"]
[EventType "swiss"]
[EventRounds "9"]
[EventCountry "ROU"]
[SourceTitle "CBM 172 Extra"]
[Source "ChessBase"]
[SourceDate "2016.06.21"]
[SourceVersion "1"]
[SourceVersionDate "2016.06.21"]
[SourceQuality "1"]

1. e4 c5 2. Nf3 Nc6 3. Bc4 Nf6 4. Nc3 e6 5. Bb3 d5 6. e5 Nd7 7. a3 Ncxe5 8. Nxe5 Nxe5 9. d4 cxd4 10. Qxd4 Bd6 11. Bf4 Qc7 12. Nb5 Qb8 13. Nxd6+ Qxd6 14. Bxe5 Qc6 15. Rc1 0-0 16. Bxg7 Re8 17. Bh6 Bd7 18. Qg7# 1-0

[Event "ROM-ch U08"]
[White "Antal, Magor Laszlo"]
[Black "Anghel, Teodor Andrei"]
[Site "Calimanesti Caciulata"]
[Round "1"]
[Result "0-1"]
[Date "2016.04.18"]
[WhiteElo "1001"]
[BlackElo "1219"]
[PlyCount "28"]
[EventDate "2016.04.18"]
[EventType "swiss"]
[EventRounds "9"]
[EventCountry "ROU"]
[SourceTitle "CBM 172 Extra"]
[Source "ChessBase"]
[SourceDate "2016.06.21"]
[SourceVersion "1"]
[SourceVersionDate "2016.06.21"]
[SourceQuality "1"]

1. e4 e5 2. Nf3 Nc6 3. Nc3 Nf6 4. d4 exd4 5. Nxd4 Bc5 6. Ndb5 0-0 7. Bc4 Re8 8. 0-0 d6 9. Nd5 Nxe4 10. c3 Na5 11. a3 Nxc4 12. Kh1 Nxf2+ 13. Kg1 Nxd1+ 14. Rf2 Re1# 0-1

[Event "ROM-ch U08"]
[White "Anghel, Teodor Andrei"]
[Black "Sekeres, Viktor Eduard"]
[Site "Calimanesti"]
[Round "7"]
[Result "0-1"]
[Date "2015.04.04"]
[WhiteElo "1012"]
[BlackElo "1001"]
[PlyCount "46"]
[EventDate "2015.03.30"]
[EventType "swiss"]
[EventRounds "9"]
[EventCountry "ROU"]
[SourceTitle "CBM 165 Extra"]
[Source "ChessBase"]
[SourceDate "2015.04.21"]
[SourceVersion "1"]
[SourceVersionDate "2015.04.21"]
[SourceQuality "1"]

1. e4 e5 2. Nf3 Nc6 3. Bc4 Nf6 4. d3 d6 5. Nc3 Bg4 6. Be3 Be7 7. h3 Bxf3 8. Qxf3 Nd4 9. Bxd4 exd4 10. Nd5 c6 11. Nxf6+ Bxf6 12. c3 dxc3 13. Qh5 0-0 14. 0-0 cxb2 15. Rad1 b5 16. Bb3 Qe7 17. d4 Qxe4 18. Rfe1 g6 19. Qh6 Qh4 20. Qe3 Rfe8 21. Qc3 Rxe1+ 22. Qxe1 Bxd4 23. a3 a5 0-1

[Event "ROM-ch U08"]
[White "Anghel, Teodor Andrei"]
[Black "Marginean, Bogdan Andrei"]
[Site "Calimanesti"]
[Round "5"]
[Result "0-1"]
[Date "2015.04.02"]
[WhiteElo "1012"]
[BlackElo "1130"]
[PlyCount "82"]
[EventDate "2015.03.30"]
[EventType "swiss"]
[EventRounds "9"]
[EventCountry "ROU"]
[SourceTitle "CBM 165 Extra"]
[Source "ChessBase"]
[SourceDate "2015.04.21"]
[SourceVersion "1"]
[SourceVersionDate "2015.04.21"]
[SourceQuality "1"]

1. e4 e5 2. Nf3 Nc6 3. Bc4 Nf6 4. Bd5 Bc5 5. c3 0-0 6. Nxe5 Nxe5 7. d4 Bd6 8. dxe5 Bxe5 9. f4 Bd6 10. e5 Re8 11. 0-0 Nxd5 12. exd6 Nf6 13. dxc7 Qxc7 14. Kh1 d6 15. c4 Bg4 16. Qd2 Re2 17. Qd3 Rae8 18. Bd2 g6 19. Nc3 Bf5 20. Qd4 R2e6 21. Qxa7 Bd3 22. Rfc1 Bxc4 23. b3 Ba6 24. b4 Qd7 25. a3 Rc8 26. a4 Bd3 27. Qd4 Bf5 28. Rd1 Bc2 29. Rdc1 Bf5 30. Rf1 d5 31. Bc1 Rc4 32. Qd2 d4 33. Qa2 Rxc3 34. Bb2 Re2 35. Rae1 Be6 36. Qb1 Rcc2 37. Rxe2 Rxe2 38. Qa1 Qd5 39. Rg1 Ne4 40. Rf1 Ng3+ 41. hxg3 Qxg2# 0-1